Manual práctico de baloncesto
Đã lưu trong:
| Định dạng: | Sách |
|---|---|
| Ngôn ngữ: | Tiếng Tây Ban Nha |
| Được phát hành: |
Barcelona
De Vecchi
1991
|
| Loạt: | Colección Deportes. Serie Diamante
|
| Những chủ đề: | |
| Các nhãn: |
Thêm thẻ
Không có thẻ, Là người đầu tiên thẻ bản ghi này!
|
MARC
| LEADER | 00000nam a2200000 a 4500 | ||
|---|---|---|---|
| 001 | UCW6714 | ||
| 003 | CL-VaPUC | ||
| 008 | 920428e19910000SP |||||||||||||||||spa|d | ||
| 082 | 0 | 4 | |a 796.323 |b MAN |2 21 |
| 245 | 1 | 0 | |a Manual práctico de baloncesto |
| 300 | |a 123 p | ||
| 942 | |c BK | ||
| 945 | |d 19920428 00:00:00 | ||
| 260 | |a Barcelona |b De Vecchi |c 1991 | ||
| 650 | 7 | |a BASQUETBOL |2 CL-VaPUC |9 311764 | |
| 583 | |a last modification |c 19920428 00:00:00 |k Rodrigo Vera | ||
| 490 | 0 | |a Colección Deportes. Serie Diamante | |
| 999 | |c 219678 |d 219676 | ||
| 952 | |0 0 |1 0 |4 0 |6 796_323000000000000_MAN_1991 |7 0 |8 A |9 210887 |a BIBEDU |b BIBEDU |d 2019-11-15 |i 2791196 |o 796.323 MAN 1991 |p 2791196 |r 2023-08-09 |w 2019-11-15 |y BK |k EDU | ||